000 00803nam a22002657a 4500
001 BR8602482
003 BR-BrBNA
005 20230928092254.0
007 ta
008 230509b bl.||||| |||| 00| 0 por d
040 _aBR-BrBNA
_bpor
_cBiblioteca Nacional de Agricultura
041 _a(Por)
072 _aE21; Q02
_b/G514
090 _ E21 BR8602482
110 1 _aCentro de Apoio a Pequena e Media Empresa do Estado do Maranhao, Sao Luis (Brasil). Centro de Documentacao e Informacao
_91442
245 1 _aPerfis industriais [Bibliografia, Maranhao]
260 3 _aSao Luis, MA (Brasil):
_c1986.
300 _a4 p.
650 _aINDUSTRIA AGRICOLA
650 _aINDUSTRIA ALIMENTICIA
650 _aBIBLIOGRAFIA
650 _aMARANHAO
909 _a202309
_bLucia
_c55
_dLucia Elande
942 _cBK
999 _c38042
_d38042